Central Library OPAC University of Rajshahi

An introduction to UDC / (Record no. 730)

MARC details
000 -LEADER
fixed length control field 00783cam a2200265 4500
001 - CONTROL NUMBER
control field 730
003 - CONTROL NUMBER IDENTIFIER
rucl marc code BD-RjUL
005 - DATE AND TIME OF LATEST TRANSACTION
control field 20211208233225.0
008 - FIXED-LENGTH DATA ELEMENTS--GENERAL INFORMATION
fixed length control field 131123s1969 ctu p 001 0 eng d
020 ## - INTERNATIONAL STANDARD BOOK NUMBER
International Standard Book Number 0851570860
035 ## - SYSTEM CONTROL NUMBER
System control number (BD-RjUL)750
040 ## - CATALOGING SOURCE
Original cataloging agency DLC
Transcribing agency DLC
Modifying agency BD-RjUL
Language of cataloging eng
041 ## - LANGUAGE CODE
Language code of text/sound track or separate title eng
082 00 - DEWEY DECIMAL CLASSIFICATION NUMBER
Classification number 025.43
Edition number 16
Author mark and year PEI 1969
100 1# - MAIN ENTRY--PERSONAL NAME
Personal name Perreault, Jean M.,
Dates associated with a name 1931-2001.
9 (RLIN) 1931
245 13 - TITLE STATEMENT
Title An introduction to UDC /
Statement of responsibility, etc. Jean M. Perreault.
260 ## - PUBLICATION, DISTRIBUTION, ETC. (IMPRINT)
Place of publication, distribution, etc. [Hamden, Conn.] :
Name of publisher, distributor, etc. Archon Books,
Date of publication, distribution, etc. c1969.
300 ## - PHYSICAL DESCRIPTION
Pagination 111 p. ;
Size 23 cm.
350 ## - PRICE (NR) (BK AM CF MU VM SE) [OBSOLETE]
Price 4.50
490 0# - SERIES STATEMENT
Series statement Programmed texts in library and information science
650 #0 - SUBJECT ADDED ENTRY--TOPICAL TERM
Topical term or geographic name as entry element Classification, Universal decimal
Form subdivision Programmed instruction.
9 (RLIN) 2165
942 ## - ADDED ENTRY ELEMENTS (KOHA)
Source of classification or shelving scheme Dewey Decimal Classification
Koha item type Books
Holdings
Lost status Source of classification or shelving scheme Damaged status Not for loan Collection code Permanent Location Current Location Shelving location Date acquired Source of acquisition Total Checkouts Full call number Date last seen Copy number Koha item type
  Dewey Decimal Classification   Not For Loan Non-fiction Central Library, University of Rajshahi Central Library, University of Rajshahi   16/12/1988 Britain   025.43 PEI 1969 23/11/2013 C-1 Books